Eurovision 2024 - Artists & Songs - Statistics

General Stats
  • This quiz has been taken 599 times
    515 since last reset
  • The average score is 49 of 74
Answer Stats
Hint Answer % Correct
Switzerland The Code
86%
Cyprus Liar
85%
Lithuania Luktelk
85%
Switzerland Nemo
85%
Croatia Baby Lasagna
84%
Netherlands Europapa
83%
Ireland Bambie Thug
81%
Finland No Rules!
81%
Croatia Rim Tim Tagi Dim
79%
Ireland Doomsday Blue
78%
Netherlands Joost Klein
78%
Serbia Ramonda
78%
Poland The Tower
78%
Sweden Unforgettable
78%
Luxembourg Fighter
77%
Italy La noia
77%
Lithuania Silvester Belt
77%
Austria We Will Rave
76%
Israel Hurricane
75%
Poland Luna
75%
Slovenia Veronika
74%
Spain Zorra
74%
Georgia Firefighter
73%
France Mon amour
73%
Sweden Marcus & Martinus
72%
Denmark Sand
72%
Ukraine Teresa & Maria
72%
Finland Windows95man
72%
Greece Zari
72%
United Kingdom Dizzy
71%
Czechia Pedestal
71%
Luxembourg Tali
71%
Italy Angelina Mango
69%
Armenia Jako
69%
France Slimane
69%
Latvia Hollow
68%
Austria Kaleen
68%
Malta Loop
68%
Serbia Teya Dora
68%
Latvia Dons
67%
San Marino 11:11
66%
Czechia Aiko
66%
Israel Eden Golan
66%
Norway Gåte
66%
Belgium Mustii
66%
Albania Titan
66%
Slovenia Raiven
65%
Germany Always on the Run
64%
Portugal Grito
64%
Germany Isaak
64%
Iceland Scared of Heights
64%
Greece Marina Satti
63%
Australia One Milkali (One Blood)
63%
Denmark Saba
63%
Cyprus Silia Kapsis
63%
Portugal Iolanda
62%
United Kingdom Olly Alexander
62%
Iceland Hera Björk
61%
San Marino Megara
61%
Belgium Before the Party's Over
60%
Moldova In the Middle
60%
Norway Ulveham
60%
Albania Besa
58%
Armenia Ladaniva
58%
Ukraine Alyona Alyona & Jerry Heil
57%
Spain Nebulossa
55%
Australia Electric Fields
54%
Moldova Natalia Barbu
53%
Malta Sarah Bonnici
51%
Estonia (Nendest) narkootikumidest ei tea me (küll) midagi
35%
Azerbaijan Özünlə apar
34%
Estonia 5miinust & Puuluup
32%
Georgia Nutsa Buzaladze
32%
Azerbaijan Fahree feat. Ilkin Dovlatov
18%
No matching quizzes found
Score Distribution
Percent of People with Each Score
Percentile by Number Answered
Your Score History
You have not taken this quiz since the last reset